2. Liga Top 5 - Statistiken

Allgemein
  • Dieses Quiz wurde 165 mal gespielt
  • Das Durchschnittsergebnis liegt bei 157 aus 215
Antwortstatistiken
Saison Antwort % Korrekt
SC Fortuna Köln
96%
00 | 05 | 14 | +2 others 1. FC Köln
93%
Holstein Kiel
93%
82 FC Schalke 04
92%
RB Leipzig
92%
1. FC Heidenheim
91%
| 11 | 13 Hertha BSC
91%
Hamburger SV
90%
85 1. FC Nürnberg
89%
FC St. Pauli
89%
FSV Frankfurt
89%
Fortuna Düsseldorf
88%
Werder Bremen
87%
Blau Weiss 90 Berlin
86%
Hannover 96
86%
SV Darmstadt 98
86%
Union Berlin
86%
87 Hannover 96
85%
06 | 21 | 94 | 96 VfL Bochum
85%
FC Augsburg
84%
SC Freiburg
84%
Stuttgarter Kickers
84%
Dynamo Dresden
83%
98 Eintracht Frankfurt
83%
SV Elversberg
82%
10 | 97 1. FC Kaiserslautern
81%
08 Borussia Mönchengladbach
81%
84 Karlsruher SC
81%
SpVgg Greuther Fürth
79%
17 VfB Stuttgart
79%
Arminia Bielefeld
78%
Fortuna Düsseldorf
78%
95 Hansa Rostock
78%
TSV 1860 München
77%
FC Schalke 04
76%
VfB Leipzig
76%
1. FC Nürnberg
74%
Eintracht Braunschweig
74%
SC Freiburg
74%
SC Paderborn 07
74%
TSG 1899 Hoffenheim
74%
1. FC Magdeburg
72%
Alemannia Aachen
72%
VfL Wolfsburg
72%
Borussia Mönchengladbach
71%
FC Augsburg
71%
FC St. Pauli
71%
MSV Duisburg
71%
1. FSV Mainz 05
69%
15 FC Ingolstadt 04
69%
SV Darmstadt 98
68%
Energie Cottbus
67%
Hannover 96
67%
90 Hertha BSC
67%
Arminia Bielefeld
64%
Karlsruher SC
64%
1. FC Saarbrücken
61%
83 Waldhof Mannheim
61%
Alemannia Aachen
60%
Jahn Regensburg
58%
TSV 1860 München
58%
MSV Duisburg
57%
Waldhof Mannheim
56%
SSV Ulm 1846
54%
1. FC Saarbrücken
53%
Kickers Offenbach
52%
86 FC 08 Homburg
50%
SpVgg Unterhaching
50%
Bayer 05 Uerdingen
49%
Rot Weiss Oberhausen
47%
FC Erzgebirge Aue
43%
KSV Hessen Kassel
37%
SG Wattenscheid 09
35%
FC 08 Homburg
28%
FSV Zwickau
14%
FC Gütersloh
12%
SG Union Solingen
12%
Keine übereinstimmenden Quizze gefunden
Verteilung der Resultate
Anzahl Personen mit jedem Resultat
Perzentil nach korrekt beantworteten Fragen
Ihre Resultats-Entwicklung
Sie haben dieses Quiz noch nicht gespielt